000 01449cam a22003857a 4500
003 CHAP
005 20240201062651.0
008 041130d2001 mx r 00110 spa d
010 _a89120
011 _a90092
035 _a100648
040 _cCHAP
090 _aTesis
100 0 0 _aChávez Patiño, Daniel Iván.
_922753
245 1 0 _aSaccharomyces cerevisae como probiótico en la fermentación cecal de la fibra detergente neutro, comportamiento productivo y control de diarreas en el conejo de engorda
_c/por Daniel Iván Chávez Patiño
260 _aChapingo, Méx. :
_bEl autor,
_c2004.
300 _a54 h.
502 _aTesis (Ing. Agr. Esp. en Zootecnia) - - UACH. Departamento de Zootecnia
590 _aALEPH
_b10
_c20130110
_lUCH01
_h1501
590 _aBATCH-UPD
_b10
_c20130110
_lUCH01
_h0458
590 _aBATCH-UPD
_b10
_c20130410
_lUCH01
_h0136
590 _aBATCH-UPD
_b10
_c20130913
_lUCH01
_h2016
590 _aCONVERSION
_b10
_c20130109
_lUCH01
_h1349
650 1 4 _aAditivos alimenticios.
_9907
650 1 4 _aConejos
_xAlimentación.
_926353
650 1 4 _aConejos
_xEnfermedades.
_926362
650 1 4 _aConejos
_xEngorda.
_926363
650 1 4 _aLevaduras en alimentación animal.
_966404
650 1 7 _aSaccharomyces cerevisiae
_2
_9101125
901 _aBK
905 _aLilia
942 _cFOLL
949 _aTesis
_bBC
_cTES
_d100648
_eTS1
_h42907
_i100648
_sb
949 _aTesis
_bBC
_cTES
_d33724000931598
_eTS2
_fc.2
_h42908
_i100648
_sb
999 _c89120
_d89120